000 00428nam a22001697a 4500
003 CEME
005 20210628205033.0
008 210224b xxu||||| |||| 00| 0 eng d
020 _a1-56091-736-9
040 _c.
082 _a629.24 REI'A
100 _aReimpell, D. J Stoll, D. K
_973560
245 _aThe automotive chassis engineering principles
260 _aWARRENDALE
_bSAE
_c1996
300 _a410P
942 _cBK
_2ddc
999 _c579255
_d579255